000 01464cam a2200277 4500
001 ABS64815
008 011126n2001 000 0 eng u
035 _a(Sirsi) u115731
245 _aSpath Holme Ltd v North Western Rent Assessment Committee and another
260 _c2001
490 _aEstates Gazette Law Reports
_v 46 EG 181, 181-186(6)
520 _aQBD 12 July 2001. Appeal by the landlord (S) from a decision of the North West Rent Assessment Committee by which the committee determined a fair rent for the respondent's flat of £624.50 after it had applied the provisions of the Rent Acts (Maximum Fair Rent) Order 1999. The committee certified that but for the cap it would have determined a fair rent of £950 per quarter. The committee's determination of a fair rent had regard to rents of assured tenancies in the same building, but made a deduction of one-twelfth in respect of voids. S appealed that decision. "Held", the appeal was allowed in part and the recision remitted.
590 _aABS
650 _aREGULATED TENANCIES
650 _aASSURED SHORTHOLD TENANCIES
650 _aRENT REVIEWS
650 _aFAIR RENTS
650 _aCAPPING
650 _aSPATH HOLME LTD V NORTH WESTERN RENT ASSESSMENT COMMITTEE AND ANOTHER
650 _aMARKET RENTS
650 _aVOIDS
650 _aDEDUCTIONS
650 _aRENT ACTS (MAXIMUM FAIR RENT) ORDER 1999
690 _aLANDLORD AND TENANT-RENT REVIEWS-CASE LAW
942 _n0
999 _c68934
_d68934